God`s Chosen People (Record no. 3034)
[ view plain ]
| 000 -LEADER | |
|---|---|
| fixed length control field | 00632nam a2200241 a 4500 |
| 020 ## - INTERNATIONAL STANDARD BOOK NUMBER | |
| ISBN | |
| 082 00 - DEWEY DECIMAL CLASSIFICATION NUMBER | |
| Classification number | 222.15 |
| Author Cutter | CLE |
| 100 ## - MAIN ENTRY--AUTHOR NAME | |
| Author name | Clement, Ronald |
| 245 ## - TITLE STATEMENT | |
| Title | God`s Chosen People |
| Sub title | a Theological Interpretation of the Book of Deuteronom |
| 260 ## - PUBLICATION, DISTRIBUTION, ETC. (IMPRINT) | |
| Place of publication | London |
| Name of publisher | Scm Press |
| Year of publication | 1968 |
| 300 ## - PHYSICAL DESCRIPTION | |
| Number of Pages | 126p |
| 500 ## - GENERAL NOTE | |
| General note | includes index and biblioraphy |
| 505 2# - FORMATTED CONTENTS NOTE | |
| Formatted contents note | Index of author |
| 650 ## - SUBJECT ADDED ENTRY--TOPICAL TERM | |
| Topical Term | Deuteronomy-Commentary |
| 942 ## - ADDED ENTRY ELEMENTS (KOHA) | |
| Koha item type | Books |
| 700 1# - | |
| -- | Clement, Ronald |
| Collection code | Home library | Current library | Date acquired | Cost, normal purchase price | Full call number | Accession Number | Koha item type |
|---|---|---|---|---|---|---|---|
| Henry Martyn Institute Library | Henry Martyn Institute Library | 05/26/2008 | 100.00 | 222.15 CLE | 05227 | Books |
